Original 151 Pokemon (With Typing) - Statistics

General Stats
  • This quiz has been taken 678 times
  • The average score is 94 of 151
Answer Stats
Pokedex No. Type Pokemon % Correct
#0001 Grass/Poison Bulbasaur
98%
#0006 Fire/Flying Charizard
98%
#0004 Fire Charmander
97%
#0005 Fire Charmeleon
95%
#0025 Electric Pikachu
95%
#0007 Water Squirtle
95%
#0009 Water Blastoise
94%
#0002 Grass/Poison Ivysaur
94%
#0026 Electric Raichu
91%
#0003 Grass/Poison Venusaur
91%
#0008 Water Wartortle
91%
#0151 Psychic Mew
90%
#0015 Bug/Poison Beedrill
89%
#0010 Bug Caterpie
89%
#0150 Psychic Mewtwo
89%
#0018 Normal/Flying Pidgeot
88%
#0016 Normal/Flying Pidgey
88%
#0012 Bug/Flying Butterfree
87%
#0017 Normal/Flying Pidgeotto
87%
#0013 Bug/Poison Weedle
86%
#0014 Bug/Poison Kakuna
85%
#0011 Bug Metapod
85%
#0149 Dragon/Flying Dragonite
83%
#0144 Ice/Flying Articuno
81%
#0074 Rock/Ground Geodude
81%
#0145 Electric/Flying Zapdos
81%
#0146 Fire/Flying Moltres
80%
#0021 Normal/Flying Spearow
80%
#0092 Ghost/Poison Gastly
78%
#0094 Ghost/Poison Gengar
78%
#0019 Normal Rattata
78%
#0063 Psychic Abra
77%
#0065 Psychic Alakazam
77%
#0022 Normal/Flying Fearow
77%
#0076 Rock/Ground Golem
77%
#0039 Normal/Fairy Jigglypuff
77%
#0064 Psychic Kadabra
77%
#0068 Fighting Machamp
76%
#0148 Dragon Dragonair
75%
#0147 Dragon Dratini
75%
#0075 Rock/Ground Graveler
75%
#0020 Normal Raticate
75%
#0106 Fighting Hitmonlee
74%
#0066 Fighting Machop
74%
#0093 Ghost/Poison Haunter
73%
#0067 Fighting Machoke
73%
#0024 Poison Arbok
72%
#0023 Poison Ekans
72%
#0107 Fighting Hitmonchan
72%
#0035 Fairy Clefairy
71%
#0034 Poison/Ground Nidoking
71%
#0031 Poison/Ground Nidoqueen
71%
#0095 Rock/Ground Onix
71%
#0040 Normal/Fairy Wigglytuff
71%
#0036 Fairy Clefable
70%
#0029 | #0032 Poison Nidoran
70%
#0133 Normal Eevee
69%
#0129 Water Magikarp
69%
#0030 Poison Nidorina
68%
#0033 Poison Nidorino
68%
#0050 Ground Diglett
67%
#0051 Ground Dugtrio
66%
#0130 Water/Flying Gyarados
66%
#0134 Water Vaporeon
65%
#0136 Fire Flareon
64%
#0043 Grass/Poison Oddish
64%
#0044 Grass/Poison Gloom
63%
#0124 Ice/Psychic Jynx
63%
#0041 Poison/Flying Zubat
63%
#0059 Fire Arcanine
62%
#0058 Fire Growlithe
62%
#0135 Electric Jolteon
62%
#0081 Electric/Steel Magnemite
62%
#0143 Normal Snorlax
62%
#0125 Electric Electabuzz
60%
#0042 Poison/Flying Golbat
60%
#0140 Rock/Water Kabuto
60%
#0141 Rock/Water Kabutops
60%
#0082 Electric/Steel Magneton
60%
#0121 Water/Psychic Starmie
60%
#0120 Water Staryu
60%
#0045 Grass/Poison Vileplume
60%
#0037 Fire Vulpix
60%
#0126 Fire Magmar
59%
#0086 Water Seel
59%
#0142 Rock/Flying Aerodactyl
58%
#0109 Poison Koffing
58%
#0038 Fire Ninetales
58%
#0054 Water Psyduck
58%
#0087 Water/Ice Dewgong
56%
#0077 Fire Ponyta
56%
#0027 Ground Sandshrew
56%
#0028 Ground Sandslash
56%
#0100 Electric Voltorb
56%
#0110 Poison Weezing
56%
#0123 Bug/Flying Scyther
55%
#0073 Water/Poison Tentacruel
55%
#0069 Grass/Poison Bellsprout
54%
#0101 Electric Electrode
54%
#0131 Water/Ice Lapras
54%
#0078 Fire Rapidash
54%
#0072 Water/Poison Tentacool
54%
#0055 Water Golduck
53%
#0056 Fighting Mankey
52%
#0089 Poison Muk
52%
#0061 Water Poliwhirl
52%
#0062 Water/Fighting Poliwrath
52%
#0052 Normal Meowth
51%
#0060 Water Poliwag
51%
#0049 Bug/Poison Venomoth
51%
#0118 Water Goldeen
50%
#0138 Rock/Water Omanyte
50%
#0139 Rock/Water Omastar
50%
#0048 Bug/Poison Venonat
50%
#0122 Psychic/Fairy Mr. Mime
49%
#0071 Grass/Poison Victreebel
49%
#0096 Psychic Drowzee
48%
#0088 Poison Grimer
48%
#0097 Psychic Hypno
48%
#0046 Bug/Grass Paras
48%
#0112 Ground/Rock Rhydon
48%
#0119 Water Seaking
48%
#0070 Grass/Poison Weepinbell
48%
#0047 Bug/Grass Parasect
47%
#0053 Normal Persian
47%
#0057 Fighting Primeape
47%
#0111 Ground/Rock Rhyhorn
46%
#0115 Grass/Psychic Kangaskhan
45%
#0083 Normal/Flying Farfetch’d
41%
#0128 Normal Tauros
41%
#0127 Bug Pinsir
40%
#0091 Water/Ice Cloyster
39%
#0084 Normal/Flying Doduo
39%
#0102 Grass/Psychic Exeggcute
38%
#0113 Normal Chansey
37%
#0132 Normal Ditto
37%
#0117 Water Seadra
37%
#0079 Water/Psychic Slowpoke
37%
#0103 Grass/Psychic Exeggutor
36%
#0090 Water Shellder
36%
#0080 Water/Psychic Slowbro
36%
#0085 Normal/Flying Dodrio
35%
#0116 Water Horsea
35%
#0137 Normal Porygon
30%
#0104 Ground Cubone
28%
#0105 Ground Marowak
28%
#0114 Grass/Psychic Tangela
28%
#0098 Water Krabby
26%
#0099 Water Kingler
23%
#0108 Normal Lickitung
23%
No matching quizzes found
Score Distribution
Percent of People with Each Score
Percentile by Number Answered
Your Score History
You have not taken this quiz